Marvel Rivals Characters By Picture - Statistics

General Stats
  • This quiz has been taken 337 times
  • The average score is 26 of 28
Answer Stats
Picture Answer % Correct
Black Panther
99%
Doctor Strange
99%
Groot
99%
Iron Man
98%
Loki
98%
Rocket Raccoon
98%
Bruce Banner
97%
Mantis
97%
Spider-Man
97%
Venom
97%
Captain America
96%
Hela
96%
Scarlet Witch
96%
Thor
96%
Hawkeye
95%
Star Lord
95%
The Punisher
95%
Magneto
94%
Storm
94%
Black Widow
93%
Namor
91%
Adam Warlock
90%
Iron Fist
89%
Cloak and Dagger
88%
Luna Snow
88%
Magik
87%
Peni Parker
87%
Jeff the Land Shark
86%
No matching quizzes found
Score Distribution
Percent of People with Each Score
Percentile by Number Answered
Your Score History
You have not taken this quiz